Normal view MARC view

Entry Personal Name

Number of records used in: 1

001 - CONTROL NUMBER

  • control field: 9440

003 - CONTROL NUMBER IDENTIFIER

  • control field: DLC

005 - DATE AND TIME OF LATEST TRANSACTION

  • control field: 20230907133409.0

008 - FIXED-LENGTH DATA ELEMENTS

  • fixed length control field: 970710n| azannaab |n aaa

010 ## - LIBRARY OF CONGRESS CONTROL NUMBER

  • LC control number: n 97069893

040 ## - CATALOGING SOURCE

  • Original cataloging agency: DLC
  • Transcribing agency: DLC
  • Modifying agency: DLC
  • Modifying agency: DLC
  • Description conventions: rda

100 1# - HEADING--PERSONAL NAME

  • Personal name: Goulimari, Pelagia

670 ## - SOURCE DATA FOUND

  • Source citation: The uses of theory, 1995:
  • Information found: cover (Pelagia Goulimari) p. 142 (doctoral student at Southampton Univ.; teaches literary theory at Oxford Univ.)

670 ## - SOURCE DATA FOUND

  • Source citation: Goulimari, Pelagia. Toni Morrison, 2011:
  • Information found: ECIP t.p. (Pelagia Goulimari) data view (Pelagia Goulimari is Chair of Women's Studies at the Faculty of English, Univ. of Oxford)

Powered by Koha